| 000 | 01079nas a2200313 4500 | ||
|---|---|---|---|
| 001 | BR2021000381 | ||
| 003 | BR-BrBNA | ||
| 005 | 20231205132150.0 | ||
| 007 | ta | ||
| 008 | 230509b bl.|||p| |||| 00| 00por d | ||
| 040 |
_aBR-BrBNA _bpor _cBiblioteca Nacional de Agricultura |
||
| 041 | _a(Pt) | ||
| 072 | _aP01; P10; U40 | ||
| 100 | 1 | _aFrança, L.C. de J. | |
| 100 | 1 | _aSilva, J.B.L. da | |
| 100 | 1 | _aLisboa, G. dos S. | |
| 100 | 1 | _aMucida, D.P. | |
| 100 | 1 | _aCerqueira, C.L. | |
| 100 | 1 | _aSantos, E.L. | |
| 245 | 1 | _aAnálise espaço-temporal da cobertura vegetal em uma bacia hidrográfica na região do Matopiba, Brasil | |
| 650 | _aDESMATAMENTO | ||
| 650 | _aCERRADO | ||
| 650 | _aSENSORIAMENTO REMOTO | ||
| 773 | 0 |
_tNativa. Pesquisas Agrárias e Ambientais (Brazil) _xISSN 2318-7670 _g(Dec 2018), v. 6(special number) p. 737-744 _wBR2021000381 |
|
| 856 | 4 | 0 | _uhttps://periodicoscientificos.ufmt.br/ojs/index.php/nativa/article/view/5843/5085 |
| 856 | 4 | 0 | _dLink DSPACE/MAPA BR2021000381 |
| 909 |
_a202311 _bLúcia _c55 _dLúcia Elande |
||
| 942 |
_2AGRIS _n0 _cANA |
||
| 999 |
_c258849 _d258849 |
||